Normal view MARC view
  • National Institute of Folk and Traditional Heritage.

Entry Corporate Name

Number of records used in: 3

001 - CONTROL NUMBER

  • control field: 4540

003 - CONTROL NUMBER IDENTIFIER

  • control field: NUST

005 - DATE AND TIME OF LATEST TRANSACTION

  • control field: 20170911132305.0

008 - FIXED-LENGTH DATA ELEMENTS

  • fixed length control field: 170911|| aca||aabn | a|a d

040 ## - CATALOGING SOURCE

  • Original cataloging agency: NUST
  • Transcribing agency: NUST

110 ## - HEADING--CORPORATE NAME

  • Corporate name or jurisdiction name as entry element: National Institute of Folk and Traditional Heritage.

670 ## - SOURCE DATA FOUND

  • Source citation: Work cat.: (NUST)0: Parvez, Sajjād Ḥaidar, 1961- 4536, Multānī :, 2007.
© 2023 Central Library, National University of Sciences and Technology. All Rights Reserved.